Normal view
MARC view
Entry Topical Term
001 - CONTROL NUMBER
- control field: 42641
003 - CONTROL NUMBER IDENTIFIER
- control field: ARRUPE
005 - DATE AND TIME OF LATEST TRANSACTION
- control field: 20181002095221.0
008 - FIXED-LENGTH DATA ELEMENTS
- fixed length control field: 181002|| aca||aabn | a|a d
040 ## - CATALOGING SOURCE
- Original cataloging agency: ARRUPE
- Transcribing agency: ARRUPE
150 ## - HEADING--TOPICAL TERM
- Topical term or geographic name as entry element: Galle Toubaaco (Kafffrine, Senegal)
670 ## - SOURCE DATA FOUND
- Source citation: Work cat.: (ARRUPE): Cislaghi, Ben 42637, Human rights and community-Led Development:, 2018